| 000 | 00686nam a2200217 a 4500 | ||
|---|---|---|---|
| 001 | 000024605 | ||
| 005 | 20200930023249.0 | ||
| 008 | 110201s1991 sp r 000 d spa d | ||
| 020 | _a847671212X | ||
| 040 |
_aDO-SdBNP _bspa _cBNPHU |
||
| 082 |
_a862.64 _bM385r |
||
| 100 | 1 |
_aMartínez Mediero, Manuel, _d1939- _924414 |
|
| 245 | 1 | 0 |
_aUn rollo de papel higiénico marca elefante / _cManuel Martínez Mediero. |
| 260 |
_aMérida, (España) : _bEditora Regional de Extremadura, _c1991. |
||
| 300 |
_a67, [1] p. ; _c15 cm. |
||
| 490 | 1 |
_aLa centena _v39 |
|
| 650 | 4 |
_aTeatro español _93071 |
|
| 650 | 4 |
_aLiteratura española _9632 |
|
| 830 | 0 |
_aLa centena ; _v39 _950453 |
|
| 049 | _aBNGR | ||
| 999 |
_c24098 _d24098 |
||